[Event "XIX Festival B"]
[Site "Robecchetto con Induno ITA"]
[Date "2008.12.29"]
[Round "5"]
[White "Fizzotti, Mario"]
[Black "Recanatini, Italo"]
[Result "0-1"]
[WhiteElo "1795"]
[BlackElo "1897"]
[PlyCount "78"]
[EventDate "2008.12.27"]

1. d4 d5 2. c4 c6 3. Nf3 Nf6 4. Nc3 e6 5. cxd5 exd5 6. Bg5 Be7 7. Qc2 Be6 8. e3
Nbd7 9. Bd3 h6 10. Bh4 Nh5 11. Bxe7 Qxe7 12. O-O Nhf6 13. a3 O-O 14. b4 a6 15.
Na4 Rfc8 16. Nc5 Rab8 17. Nd2 Nxc5 18. bxc5 b5 19. Qc3 Qc7 20. Nb3 Re8 21. Qa5
Qxa5 22. Nxa5 Bd7 23. Rfb1 Rec8 24. Rb2 Ne8 25. e4 Nc7 26. Re1 Kf8 27. e5 Ne6
28. Rb4 Rc7 29. g3 g5 30. Rf1 Ke7 31. Nb3 a5 32. Nxa5 Ra8 33. Nb3 Rxa3 34. Rd1
Ra4 35. Rxa4 bxa4 36. Nc1 Nxd4 37. Kg2 Rb7 38. f4 Rb2+ 39. Kf1 Bh3+ 0-1

[Event "XIX Festival B"]
[Site "Robecchetto con Induno ITA"]
[Date "2008.12.29"]
[Round "5"]
[White "Folcini, Gaddo"]
[Black "Angalone, Ruggero"]
[Result "0-1"]
[WhiteElo "1523"]
[BlackElo "1443"]
[PlyCount "50"]
[EventDate "2008.12.27"]

1. d4 Nf6 2. e4 g6 3. e5 Ng8 4. Bg5 Bg7 5. f4 f6 6. Bh4 fxe5 7. fxe5 Nc6 8. Nf3
d6 9. Bc4 dxe5 10. O-O exd4 11. Bf7+ Kxf7 12. Nxd4+ Ke8 13. Qf3 Qxd4+ 14. Kh1
Ne5 15. Qe2 Qxh4 16. Qb5+ c6 17. Qa5 Qc4 18. Nd2 Qd5 19. Qc7 Bh3 20. Rf2 Ng4
21. Re2 Ne3 22. Nf3 Bxg2+ 23. Kg1 Qxf3 24. Rae1 Bd4 25. Rd2 Nd5+ 0-1

[Event "XIX Festival B"]
[Site "Robecchetto con Induno ITA"]
[Date "2008.12.29"]
[Round "5"]
[White "Foroni, Francesco"]
[Black "Porzio, Massimo"]
[Result "1/2-1/2"]
[WhiteElo "1873"]
[BlackElo "1866"]
[PlyCount "31"]
[EventDate "2008.12.27"]

1. Nf3 Nf6 2. d4 d5 3. e3 c6 4. Nbd2 Bg4 5. Be2 e6 6. b3 Bb4 7. O-O Bc3 8. Rb1
Bb4 9. c4 Qe7 10. Bb2 Nbd7 11. Ra1 a6 12. a3 Bd6 13. b4 O-O 14. Re1 b5 15. cxd5
cxd5 16. Nb3 1/2-1/2

[Event "XIX Festival B"]
[Site "Robecchetto con Induno ITA"]
[Date "2008.12.29"]
[Round "5"]
[White "Gonella, Daniele"]
[Black "Puricelli, Giancarlo"]
[Result "1-0"]
[WhiteElo "1736"]
[BlackElo "1607"]
[PlyCount "83"]
[EventDate "2008.12.27"]

1. e4 e5 2. Nf3 d6 3. Bc4 Bg4 4. Nc3 Nf6 5. h3 Bh5 6. O-O Nc6 7. d3 Nd4 8. g4
Nxf3+ 9. Qxf3 Bg6 10. h4 h5 11. g5 Ng8 12. Qg3 Qd7 13. f4 Qg4 14. Qxg4 hxg4 15.
f5 Bh5 16. Nd5 O-O-O 17. Kg2 Ne7 18. Nxe7+ Bxe7 19. f6 gxf6 20. gxf6 Bf8 21.
Kg3 Bh6 22. Bxh6 Rxh6 23. Rf5 Bg6 24. Rg5 Rdh8 25. Rh1 Bh5 26. Rf1 Bg6 27. Rxg4
c6 28. c3 Bh5 29. Rg7 Rg6+ 30. Kh2 Be2 31. Rxg6 fxg6 32. Rf2 Bh5 33. Be6+ Kd8
34. Bg4 Ke8 35. Bxh5 gxh5 36. Rf5 Rh6 37. d4 Kf7 38. dxe5 dxe5 39. Rxe5 Kxf6
40. Rf5+ Ke6 41. Kg3 a5 42. Rxa5 1-0

[Event "XIX Festival B"]
[Site "Robecchetto con Induno ITA"]
[Date "2008.12.29"]
[Round "5"]
[White "Griffini, Andrea"]
[Black "Melino, Gianluca"]
[Result "1/2-1/2"]
[WhiteElo "1687"]
[BlackElo "1795"]
[PlyCount "26"]
[EventDate "2008.12.27"]

1. b3 e6 2. Bb2 Nf6 3. Nf3 Be7 4. Nc3 O-O 5. h3 b6 6. e4 d6 7. g4 Bb7 8. Bd3 e5
9. Qe2 Nbd7 10. O-O-O Nc5 11. g5 Nh5 12. h4 Nf4 13. Qe3 Ng2 1/2-1/2

[Event "XIX Festival B"]
[Site "Robecchetto con Induno ITA"]
[Date "2008.12.29"]
[Round "5"]
[White "Madaschi, Sergio"]
[Black "Primerano, Carlo"]
[Result "0-1"]
[WhiteElo "1619"]
[BlackElo "1725"]
[PlyCount "74"]
[EventDate "2008.12.27"]

1. e4 c5 2. Nf3 e6 3. d3 Nc6 4. g3 g6 5. Bg2 Bg7 6. Nbd2 Nge7 7. O-O O-O 8. Re1
Qc7 9. Nf1 d6 10. c3 Bd7 11. Bf4 e5 12. Bd2 a5 13. Rb1 a4 14. Qc1 Ra7 15. Bh6
f5 16. Bxg7 Kxg7 17. N1d2 b5 18. Qc2 f4 19. Rf1 h6 20. h4 Bg4 21. Nh2 Be6 22.
Ndf3 Bxa2 23. Ra1 Be6 24. g4 Rfa8 25. Rfc1 Qd7 26. g5 h5 27. Qe2 a3 28. Rxa3
Rxa3 29. bxa3 Rxa3 30. Qb2 Rb3 31. Qc2 Qa7 32. c4 bxc4 33. dxc4 Qa3 34. Nf1
Rxf3 35. Bxf3 Qxf3 36. Qd2 Bh3 37. Nh2 Qg2# 0-1

[Event "XIX Festival B"]
[Site "Robecchetto con Induno ITA"]
[Date "2008.12.29"]
[Round "5"]
[White "Megassini, Stefano"]
[Black "Tamassia, Gabriele"]
[Result "1/2-1/2"]
[WhiteElo "1557"]
[BlackElo "1810"]
[PlyCount "31"]
[EventDate "2008.12.27"]

1. d4 Nf6 2. c4 g6 3. Nc3 Bg7 4. Nf3 d6 5. Bg5 Nbd7 6. g3 O-O 7. Qd2 e5 8. d5
Re8 9. Bg2 a6 10. O-O Nc5 11. b4 Ncd7 12. Rab1 a5 13. a3 b6 14. Nb5 Ba6 15.
Rfc1 Bb7 16. Nc3 1/2-1/2

[Event "XIX Festival B"]
[Site "Robecchetto con Induno ITA"]
[Date "2008.12.29"]
[Round "5"]
[White "Mondini, Francesco"]
[Black "Macchiettini, Pierangelo"]
[Result "0-1"]
[WhiteElo "1556"]
[BlackElo "1706"]
[PlyCount "82"]
[EventDate "2008.12.27"]

1. e4 c5 2. Nf3 d6 3. c3 a6 4. a3 Nf6 5. Qc2 Qc7 6. Bc4 e6 7. d3 Be7 8. Ba2 O-O
9. O-O b5 10. Bg5 h6 11. Bh4 Bb7 12. Nbd2 Nbd7 13. Rad1 Rac8 14. Bb1 e5 15. h3
b4 16. axb4 cxb4 17. c4 a5 18. Ba2 Nc5 19. b3 Bc6 20. d4 exd4 21. Nxd4 Bd7 22.
Bb1 g6 23. f4 Rce8 24. f5 g5 25. Bg3 Nh5 26. Bh2 Nf6 27. N4f3 a4 28. e5 axb3
29. Nxb3 dxe5 30. Nxe5 Bd6 31. Rxd6 Qxd6 32. Rd1 Qe7 33. Kf1 Ba4 34. Ba2 Rd8
35. Nd3 Nxd3 36. Rxd3 Rxd3 37. Qxd3 Rd8 38. Qf3 Qe4 39. Nc5 Qxf3+ 40. gxf3 Bc6
41. Kf2 Rd2+ 0-1

[Event "XIX Festival B"]
[Site "Robecchetto con Induno ITA"]
[Date "2008.12.29"]
[Round "5"]
[White "Moroni, Luca jr"]
[Black "Ragoso, Mario"]
[Result "1/2-1/2"]
[WhiteElo "1515"]
[BlackElo "1845"]
[PlyCount "48"]
[EventDate "2008.12.27"]

1. e4 e6 2. d4 d5 3. exd5 exd5 4. Nf3 Nf6 5. Bf4 Be7 6. Be2 O-O 7. O-O c6 8. c3
Bd6 9. Bxd6 Qxd6 10. Bd3 Nh5 11. Re1 Nd7 12. Nbd2 Ndf6 13. Qc2 Nf4 14. Bf5 Bxf5
15. Qxf5 Ng6 16. Re3 Qf4 17. Qxf4 Nxf4 18. Rae1 Ne6 19. Ne5 Rad8 20. Nd3 Rfe8
21. R3e2 Ng5 22. Rxe8+ Rxe8 23. Rxe8+ Nxe8 24. Kf1 Kf8 1/2-1/2

[Event "XIX Festival B"]
[Site "Robecchetto con Induno ITA"]
[Date "2008.12.29"]
[Round "5"]
[White "Petetta, Roberto"]
[Black "Corti, Filippo"]
[Result "1-0"]
[WhiteElo "1656"]
[BlackElo "1706"]
[PlyCount "97"]
[EventDate "2008.12.27"]

1. e4 d6 2. f4 Nf6 3. Nc3 g6 4. Bc4 Bg7 5. d3 c6 6. Nf3 b5 7. Bb3 a5 8. a3 a4
9. Ba2 Qb6 10. Qe2 Bg4 11. e5 dxe5 12. fxe5 Nh5 13. Bxf7+ Kd8 14. Be3 Qb7 15.
e6 b4 16. axb4 Qxb4 17. O-O Bxc3 18. bxc3 Qd6 19. Bd4 Nf6 20. Qe5 Qxe5 21. Bxe5
Rf8 22. Rfb1 Nbd7 23. Bd4 Bxf3 24. gxf3 c5 25. Be3 Ne5 26. Bh6 Rxf7 27. exf7
Nxf7 28. Bd2 Ne5 29. Kf2 Kd7 30. c4 Nc6 31. c3 Ne5 32. Ke3 Kc6 33. Bc1 Ned7 34.
Ba3 e5 35. Re1 Nh5 36. Rab1 Nhf6 37. Rb5 Ra7 38. Rg1 Nh5 39. Rg5 Nhf6 40. d4
cxd4+ 41. cxd4 exd4+ 42. Kxd4 Nh5 43. Ra5 Rb7 44. Ra6+ Nb6 45. Rc5+ Kd7 46. Rb5
Kc6 47. Bc5 Rd7+ 48. Kc3 Nf6 49. Raxb6+ 1-0

[Event "XIX Festival B"]
[Site "Robecchetto con Induno ITA"]
[Date "2008.12.29"]
[Round "5"]
[White "Poletto, Daniele"]
[Black "Epitome, Nando"]
[Result "1/2-1/2"]
[WhiteElo "1799"]
[BlackElo "1470"]
[PlyCount "57"]
[EventDate "2008.12.27"]

1. c4 e6 2. Nf3 Nf6 3. g3 Be7 4. Bg2 O-O 5. O-O d6 6. b3 Nbd7 7. Bb2 c5 8. d3
Rb8 9. Nc3 a6 10. d4 b5 11. cxb5 axb5 12. dxc5 dxc5 13. Qc2 Qc7 14. Nd2 Ba6 15.
Rfe1 Rfd8 16. Rad1 Qb6 17. Nce4 Nd5 18. a3 Rdc8 19. Nc3 N7f6 20. Nxd5 Nxd5 21.
e4 Nf6 22. e5 Nd5 23. Nf1 Bb7 24. Ne3 Nxe3 25. Rxe3 Bxg2 26. Kxg2 c4 27. Qe4
Qc6 28. Qxc6 Rxc6 29. Rd7 1/2-1/2

[Event "XIX Festival B"]
[Site "Robecchetto con Induno ITA"]
[Date "2008.12.29"]
[Round "5"]
[White "Rossini, Luca"]
[Black "Panades, Ignazio"]
[Result "1/2-1/2"]
[WhiteElo "1778"]
[BlackElo "1584"]
[PlyCount "31"]
[EventDate "2008.12.27"]

1. d4 d5 2. c4 e6 3. Nc3 Bb4 4. e3 Nf6 5. Bd3 Bxc3+ 6. bxc3 b6 7. Nf3 Bb7 8.
O-O Nbd7 9. cxd5 Nxd5 10. c4 Ne7 11. Re1 O-O 12. e4 c6 13. Bf4 Ng6 14. Be3 a6
15. Rb1 Qc7 16. Qb3 1/2-1/2

[Event "XIX Festival B"]
[Site "Robecchetto con Induno ITA"]
[Date "2008.12.29"]
[Round "5"]
[White "Santarelli, Sabatino"]
[Black "Loaldi, Davide"]
[Result "1-0"]
[WhiteElo "1692"]
[BlackElo "1434"]
[PlyCount "57"]
[EventDate "2008.12.27"]

1. d4 Nf6 2. c4 e6 3. a3 d5 4. Nc3 Be7 5. Nf3 O-O 6. e3 c5 7. cxd5 Nxd5 8. Bd2
Nc6 9. dxc5 Bxc5 10. Be2 a6 11. O-O Qc7 12. Qc2 Bd6 13. Ne4 Be7 14. Rac1 Nf6
15. Bc3 Nxe4 16. Qxe4 f5 17. Qc2 b5 18. b4 Bd7 19. Qb2 Rf7 20. Rfd1 Bf6 21.
Bxf6 Rxf6 22. Rc5 Qb7 23. Ne5 Nxe5 24. Qxe5 Rc8 25. Rdc1 Rg6 26. f3 Bc6 27. Kf2
Bd7 28. Rc7 Qd5 29. Rxc8+ 1-0

[Event "XIX Festival B"]
[Site "Robecchetto con Induno ITA"]
[Date "2008.12.29"]
[Round "5"]
[White "Scappaticci, Gabriele"]
[Black "Colombo, Maurizio"]
[Result "0-1"]
[WhiteElo "1449"]
[BlackElo "1718"]
[PlyCount "148"]
[EventDate "2008.12.27"]

1. d4 d5 2. c4 c6 3. Nf3 Nf6 4. e3 e6 5. Bd3 Nbd7 6. O-O Bd6 7. Nbd2 O-O 8. e4
dxe4 9. Nxe4 Nxe4 10. Bxe4 Nf6 11. Bc2 h6 12. b3 b6 13. Bb2 Bb7 14. Qd3 g6 15.
Nh4 Qe7 16. Qd2 Ng4 17. Nf3 Kh7 18. Bc1 Rh8 19. h3 Nf6 20. Qxh6+ Kg8 21. Qe3 c5
22. Bb2 Rh7 23. Rfe1 Re8 24. d5 Bc8 25. Qg5 Nh5 26. dxe6 Bxe6 27. Rad1 Nf4 28.
Bf6 Qc7 29. Ne5 Nh5 30. Ng4 Bf4 31. Qh4 Ng3 32. Bd8 Rxh4 33. Bxc7 Rxg4 34. hxg4
Bxc7 35. fxg3 Bxg3 36. Re4 Kg7 37. Rd3 Bh4 38. Rf3 Rh8 39. Rh3 Bf6 40. Rxh8
Kxh8 41. Kf2 Kg7 42. Kg3 Bd8 43. Re1 Bf6 44. Be4 Kf8 45. Bd5 Ke7 46. Bxe6 fxe6
47. Rh1 a5 48. Rh7+ Kd6 49. Kf3 Bb2 50. Rh6 g5 51. Rg6 Bc1 52. Ke4 Bd2 53. Rg8
Bc1 54. Rd8+ Kc7 55. Rd3 Bf4 56. g3 Bd6 57. Kf3 Kd7 58. Rd1 Kc6 59. Rh1 b5 60.
cxb5+ Kxb5 61. Rh6 Be5 62. Rxe6 Bb2 63. Re4 Kc6 64. Ke3 Kd5 65. Kd3 Bd4 66. a3
a4 67. Re8 axb3 68. Rb8 c4+ 69. Ke2 b2 70. a4 Ke4 71. a5 c3 72. a6 c2 73. a7
Bxa7 74. Rxb2 c1=Q 0-1

[Event "XIX Festival B"]
[Site "Robecchetto con Induno ITA"]
[Date "2008.12.29"]
[Round "5"]
[White "Vuckovic, Dimitrije"]
[Black "Longo, Giovanni"]
[Result "0-1"]
[WhiteElo "1512"]
[BlackElo "1670"]
[PlyCount "72"]
[EventDate "2008.12.27"]

1. d4 d5 2. c4 c6 3. Nc3 Nf6 4. e3 Bg4 5. Qc2 e6 6. h3 Bf5 7. Bd3 Bxd3 8. Qxd3
Be7 9. Nf3 O-O 10. c5 Nbd7 11. Bd2 b6 12. b4 bxc5 13. bxc5 Rb8 14. O-O Qc7 15.
Rab1 e5 16. Qe2 Rfe8 17. Rxb8 Rxb8 18. Na4 Rb5 19. Rc1 a5 20. Bc3 e4 21. Nh4 g6
22. g3 Nb8 23. Qe1 Nfd7 24. Ng2 Na6 25. Rb1 Bd8 26. Nf4 Qb8 27. Rb2 Rxb2 28.
Nxb2 Nb4 29. Qb1 g5 30. Bxb4 gxf4 31. exf4 Qxb4 32. Qc2 Qxd4 33. Nd1 Qxc5 34.
Ne3 Qb5 35. Qd1 Bb6 36. Nf5 Qb2 0-1

[Event "XIX Festival B"]
[Site "Robecchetto con Induno ITA"]
[Date "2008.12.29"]
[Round "5"]
[White "Zito, Riccardo"]
[Black "Torretta, Gilberto"]
[Result "1-0"]
[WhiteElo "1575"]
[BlackElo "1765"]
[PlyCount "27"]
[EventDate "2008.12.27"]

1. e4 e5 2. Nf3 Nc6 3. Bb5 a6 4. Ba4 Nf6 5. d3 b5 6. Bb3 Be7 7. c3 h6 8. O-O
O-O 9. Nbd2 Bb7 10. Re1 Re8 11. Nf1 d6 12. Ne3 Na5 13. Bc2 c6 14. b4 1-0

[Event "XIX Festival B"]
[Site "Robecchetto con Induno ITA"]
[Date "2008.12.30"]
[Round "6"]
[White "Angalone, Ruggero"]
[Black "Albrizio, Mauro"]
[Result "0-1"]
[WhiteElo "1443"]
[BlackElo "1644"]
[PlyCount "92"]
[EventDate "2008.12.27"]

1. e4 e6 2. d4 d5 3. e5 c5 4. Nf3 Qb6 5. Nc3 Bd7 6. b3 Nc6 7. Bb5 cxd4 8. Bxc6
Qxc6 9. Qxd4 Rc8 10. Bb2 a5 11. a3 Nh6 12. g4 Bc5 13. Qf4 Qb6 14. O-O O-O 15.
Rad1 f5 16. gxf5 Rxf5 17. Qg3 Rcf8 18. Rd3 Rf4 19. h3 Be8 20. Ne2 R4f5 21. Bd4
Rxf3 22. Rxf3 Rxf3 23. Qxf3 Bxd4 24. Nxd4 Qxd4 25. Qd3 Qxe5 26. Qe3 Qxe3 27.
fxe3 Nf5 28. Re1 Kf7 29. e4 dxe4 30. Rxe4 Bc6 31. Re5 Nd4 32. Rxa5 Nxc2 33. b4
Nd4 34. a4 Nb3 35. Ra8 e5 36. b5 Be4 37. a5 Nc5 38. Rc8 Nb3 39. Rc7+ Kf6 40. a6
bxa6 41. bxa6 Nd4 42. Kf2 Nb5 43. Rc4 Kf5 44. Ke3 Bh1 45. Rb4 Nc7 46. Rc4 Nxa6
0-1

[Event "XIX Festival B"]
[Site "Robecchetto con Induno ITA"]
[Date "2008.12.30"]
[Round "6"]
[White "Barrera, Pietro"]
[Black "Porzio, Massimo"]
[Result "1/2-1/2"]
[WhiteElo "1866"]
[BlackElo "1866"]
[PlyCount "52"]
[EventDate "2008.12.27"]

1. d4 d5 2. Nf3 e6 3. Bf4 Bd6 4. Bg3 Nf6 5. e3 Ne4 6. Bxd6 Qxd6 7. c3 Nd7 8.
Bd3 Nef6 9. Nbd2 e5 10. dxe5 Nxe5 11. Nxe5 Qxe5 12. Nf3 Qe7 13. Qc2 c6 14. O-O
Bg4 15. Nd2 O-O 16. Rae1 Qd7 17. e4 dxe4 18. Nxe4 Nxe4 19. Bxe4 g6 20. f3 Be6
21. Rd1 Qc7 22. c4 Rad8 23. g3 Rxd1 24. Rxd1 Rd8 25. b3 Rxd1+ 26. Qxd1 c5
1/2-1/2

[Event "XIX Festival B"]
[Site "Robecchetto con Induno ITA"]
[Date "2008.12.30"]
[Round "6"]
[White "Cervini, Gian Piero"]
[Black "Mondini, Francesco"]
[Result "0-1"]
[WhiteElo "1768"]
[BlackElo "1556"]
[PlyCount "82"]
[EventDate "2008.12.27"]

1. e4 e5 2. Nf3 Nc6 3. d4 d5 4. exd5 Qxd5 5. Nc3 Bb4 6. Bd2 Bxc3 7. Bxc3 exd4
8. Nxd4 Nxd4 9. Bxd4 Qe6+ 10. Qe2 f6 11. O-O-O Qxe2 12. Bxe2 Be6 13. Bc3 Ne7
14. Rhe1 O-O 15. Bf3 Kf7 16. Re2 Nc6 17. Rde1 Rfe8 18. a3 Rad8 19. Bxc6 bxc6
20. Bb4 Rd5 21. c4 Rd4 22. b3 Rd3 23. Kc2 Rd7 24. Kc3 Rdd8 25. Bc5 a6 26. Kb4
Rd3 27. Ka4 a5 28. Ba7 Bd7 29. Rxe8 Bxe8 30. Bb8 c5+ 31. Kxa5 Rxb3 32. Bxc7
Rxa3+ 33. Kb6 Ra2 34. Bg3 Rc2 35. Kxc5 Bd7 36. Bd6 Be6 37. Rxe6 Kxe6 38. Bf8 g6
39. Kb5 Rxf2 40. c5 Kd7 41. Kb6 Kc8 0-1

[Event "XIX Festival B"]
[Site "Robecchetto con Induno ITA"]
[Date "2008.12.30"]
[Round "6"]
[White "Colombo, Maurizio"]
[Black "Fizzotti, Mario"]
[Result "1-0"]
[WhiteElo "1718"]
[BlackElo "1795"]
[PlyCount "89"]
[EventDate "2008.12.27"]

1. d4 Nf6 2. c4 e6 3. Nf3 b6 4. a3 Bb7 5. Nc3 d5 6. Bg5 Be7 7. e3 O-O 8. Be2
Nbd7 9. O-O h6 10. Bh4 dxc4 11. Bxc4 Ne4 12. Bxe7 Qxe7 13. Nxe4 Bxe4 14. Qe2 c5
15. Rfd1 Nf6 16. dxc5 Qxc5 17. Rac1 Qh5 18. Nd2 Qxe2 19. Bxe2 Rac8 20. Nxe4
Nxe4 21. Bf3 Nd2 22. Bb7 Rxc1 23. Rxc1 Rd8 24. Rd1 Rd7 25. f3 Rxb7 26. Rxd2 Kf8
27. Kf2 Ke7 28. Ke2 Kf6 29. h3 b5 30. Rc2 b4 31. a4 Ke5 32. Rc4 f5 33. Kd3 Rd7+
34. Kc2 a5 35. f4+ Kf6 36. Rc5 Rd5 37. Rxd5 exd5 38. Kd3 Ke6 39. Kd4 Kd6 40. b3
g5 41. fxg5 hxg5 42. g3 Ke6 43. h4 g4 44. h5 Kf6 45. Kxd5 1-0

[Event "XIX Festival B"]
[Site "Robecchetto con Induno ITA"]
[Date "2008.12.30"]
[Round "6"]
[White "Corti, Filippo"]
[Black "Bencivenga, Antonio"]
[Result "1-0"]
[WhiteElo "1706"]
[BlackElo "1407"]
[PlyCount "41"]
[EventDate "2008.12.27"]

1. Nf3 Nf6 2. g3 b6 3. Bg2 Bb7 4. d4 e6 5. O-O Be7 6. c4 d6 7. Nc3 O-O 8. Qc2
Nbd7 9. e4 e5 10. d5 h6 11. Nh4 Nh7 12. Nf5 Ba6 13. Qe2 Bg5 14. f4 exf4 15.
gxf4 Bf6 16. Qg4 Kh8 17. Bd2 Rg8 18. Rf3 Bc8 19. Rg3 Ndf8 20. Nxh6 Bxg4 21.
Nxf7# 1-0

[Event "XIX Festival B"]
[Site "Robecchetto con Induno ITA"]
[Date "2008.12.30"]
[Round "6"]
[White "Epitome, Nando"]
[Black "Vinciguerra, Riccardo"]
[Result "1-0"]
[WhiteElo "1470"]
[BlackElo "1523"]
[PlyCount "62"]
[EventDate "2008.12.27"]

1. d4 Nf6 2. c4 g6 3. Nc3 Bg7 4. h3 d6 5. Nf3 O-O 6. Bf4 Nbd7 7. e3 Re8 8. Be2
e5 9. dxe5 dxe5 10. Bh2 e4 11. Nd2 c6 12. O-O Nc5 13. Qc2 Qe7 14. Rad1 h5 15.
a3 Bf5 16. b4 Ncd7 17. Nb3 Rad8 18. Bd6 Qe6 19. c5 Ne5 20. Nd4 Qc8 21. b5 Bxh3
22. gxh3 Qxh3 23. Nxe4 Nfg4 24. Bxg4 Nxg4 25. Ng5 Qh4 26. Ndf3 Nxe3 27. fxe3
Qg4+ 28. Qg2 Qa4 29. Qe2 Qg4+ 30. Kf2 Qxg5 31. e4 Qg4 1-0

[Event "XIX Festival B"]
[Site "Robecchetto con Induno ITA"]
[Date "2008.12.30"]
[Round "6"]
[White "Loaldi, Davide"]
[Black "Vuckovic, Dimitrije"]
[Result "1-0"]
[WhiteElo "1434"]
[BlackElo "1512"]
[PlyCount "57"]
[EventDate "2008.12.27"]

1. e4 c5 2. Nf3 d6 3. d4 cxd4 4. Nxd4 Nf6 5. Nc3 g6 6. Be3 Bg7 7. Bd3 Nc6 8.
Nxc6 bxc6 9. f3 O-O 10. Qd2 h5 11. Bh6 Qb6 12. Bxg7 Kxg7 13. Rb1 Bd7 14. g4
hxg4 15. fxg4 Nxg4 16. a4 Rh8 17. b4 Nf2 18. Rf1 Nxd3+ 19. Qxd3 Rxh2 20. Qg3
Rah8 21. Qf4 Be6 22. Ne2 f5 23. Nd4 Bc4 24. Rg1 Rh1 25. Kd2 e5 26. Nxf5+ Kg8
27. Rxg6+ Kf8 28. Rf6+ Ke8 29. Nxd6+ 1-0

[Event "XIX Festival B"]
[Site "Robecchetto con Induno ITA"]
[Date "2008.12.30"]
[Round "6"]
[White "Longo, Giovanni"]
[Black "Scappaticci, Gabriele"]
[Result "0-1"]
[WhiteElo "1670"]
[BlackElo "1449"]
[PlyCount "78"]
[EventDate "2008.12.27"]

1. e4 e6 2. d4 d5 3. exd5 exd5 4. Bd3 c5 5. dxc5 Bxc5 6. Nf3 Nf6 7. O-O O-O 8.
Bg5 Be6 9. Nbd2 Nbd7 10. c3 Qc7 11. Qc2 h6 12. Bh4 Rac8 13. Bg3 Qd8 14. Nb3 Be7
15. Rfe1 Nh5 16. Be5 Nxe5 17. Rxe5 Nf6 18. Nfd4 Bd7 19. Rae1 Bd6 20. R5e2 Ba4
21. Qd2 Qc7 22. g3 a6 23. Nf5 Bd7 24. Ne7+ Bxe7 25. Rxe7 Qd6 26. R1e5 Be6 27.
R5xe6 fxe6 28. Rxb7 e5 29. c4 e4 30. Be2 Rfd8 31. c5 Qf8 32. Qd4 Rc6 33. Na5
Rxc5 34. b4 Rc1+ 35. Kg2 Rc2 36. Bxa6 Ng4 37. Kh3 Nxf2+ 38. Kh4 g5+ 39. Kh5
Qf3+ 0-1

[Event "XIX Festival B"]
[Site "Robecchetto con Induno ITA"]
[Date "2008.12.30"]
[Round "6"]
[White "Macchiettini, Pierangelo"]
[Black "Moroni, Luca jr"]
[Result "1/2-1/2"]
[WhiteElo "1706"]
[BlackElo "1515"]
[PlyCount "42"]
[EventDate "2008.12.27"]

1. d4 d5 2. Nf3 Nf6 3. c4 e6 4. a3 Nc6 5. e3 Be7 6. c5 Bd7 7. Nc3 O-O 8. Bd3
Re8 9. O-O b6 10. cxb6 cxb6 11. Bb5 Bd6 12. Bd2 Bc7 13. Rc1 Ne7 14. Ba6 Bc8 15.
Bb5 Bd7 16. Qe2 Bxb5 17. Nxb5 Bd6 18. Rc2 a6 19. Nxd6 Qxd6 20. Bb4 Qd7 21. Ne5
Qd8 1/2-1/2

[Event "XIX Festival B"]
[Site "Robecchetto con Induno ITA"]
[Date "2008.12.30"]
[Round "6"]
[White "Megassini, Stefano"]
[Black "Gonella, Daniele"]
[Result "0-1"]
[WhiteElo "1557"]
[BlackElo "1736"]
[PlyCount "74"]
[EventDate "2008.12.27"]

1. d4 d5 2. c4 c6 3. Nc3 Nf6 4. Nf3 e6 5. Bg5 h6 6. Bh4 Nbd7 7. e3 Be7 8. Be2
dxc4 9. Bxc4 b5 10. Be2 Bb7 11. Rc1 a6 12. Bxf6 Nxf6 13. O-O Nd7 14. Ne4 Rc8
15. Nc5 Nxc5 16. dxc5 Qd5 17. Qxd5 cxd5 18. b4 O-O 19. Rc2 Bc6 20. Rfc1 Rb8 21.
a3 Bf6 22. Nd4 Bxd4 23. exd4 Ra8 24. Ra2 a5 25. a4 axb4 26. a5 Ra6 27. Rb1 Rfa8
28. Rxb4 Rxa5 29. Rxa5 Rxa5 30. f4 Ra4 31. Rxa4 bxa4 32. Bd3 a3 33. Bb1 Bb5 34.
Ba2 Kf8 35. Kf2 Bc4 36. Bxc4 dxc4 37. c6 Ke7 0-1

[Event "XIX Festival B"]
[Site "Robecchetto con Induno ITA"]
[Date "2008.12.30"]
[Round "6"]
[White "Melino, Gianluca"]
[Black "Clerici, Samuele"]
[Result "0-1"]
[WhiteElo "1795"]
[BlackElo "1728"]
[PlyCount "31"]
[EventDate "2008.12.27"]

1. d4 d5 2. Bg5 Nf6 3. Bxf6 exf6 4. e3 Nc6 5. c4 dxc4 6. Bxc4 Bd6 7. Ne2 O-O 8.
O-O b6 9. Nbc3 Bb7 10. a3 a6 11. Rc1 f5 12. Nd5 Na5 13. Ba2 Bxh2+ 14. Kxh2 Bxd5
15. Bxd5 Qxd5 16. Rxc7 0-1

[Event "XIX Festival B"]
[Site "Robecchetto con Induno ITA"]
[Date "2008.12.30"]
[Round "6"]
[White "Panades, Ignazio"]
[Black "Madaschi, Sergio"]
[Result "1-0"]
[WhiteElo "1584"]
[BlackElo "1619"]
[PlyCount "125"]
[EventDate "2008.12.27"]

1. d4 Nf6 2. Nf3 g6 3. e3 Bg7 4. Bd3 d6 5. Nbd2 O-O 6. c3 Nbd7 7. O-O c6 8. Re1
e5 9. e4 Qc7 10. Nb3 d5 11. exd5 Nxd5 12. dxe5 Nxe5 13. Nxe5 Bxe5 14. g3 Be6
15. Bh6 Bg7 16. Bxg7 Kxg7 17. Bf1 Rad8 18. Qd4+ Kg8 19. Qxa7 Nb6 20. Nc5 Bc8
21. Na6 Qd6 22. Qxb6 bxa6 23. Bxa6 Bxa6 24. Qxa6 Rb8 25. b3 Qc5 26. Qd3 Rfd8
27. Qc2 Rd7 28. c4 Rbd8 29. Re2 Qd4 30. Rb1 Qf6 31. a4 c5 32. Rbe1 h5 33. Re8+
Kg7 34. Rxd8 Rxd8 35. Re3 Qa1+ 36. Kg2 Rd1 37. Qc3+ Qxc3 38. Rxc3 Ra1 39. Kf3
Ra2 40. h4 Kf6 41. Re3 Kf5 42. Re2 Ra3 43. Rb2 f6 44. Ke3 Ra1 45. Kd3 Rd1+ 46.
Rd2 Ra1 47. Kc3 Rb1 48. Kc2 Re1 49. Kb2 Re5 50. Rd5 Rxd5 51. cxd5 Ke5 52. a5
Kxd5 53. Kc3 g5 54. a6 Kc6 55. Kc4 Kb6 56. a7 Kxa7 57. Kxc5 Kb7 58. Kd6 Kb6 59.
Ke6 gxh4 60. gxh4 Kc5 61. Kxf6 Kd4 62. f4 Kc3 63. Kg5 1-0

[Event "XIX Festival B"]
[Site "Robecchetto con Induno ITA"]
[Date "2008.12.30"]
[Round "6"]
[White "Primerano, Carlo"]
[Black "Griffini, Andrea"]
[Result "0-1"]
[WhiteElo "1725"]
[BlackElo "1687"]
[PlyCount "82"]
[EventDate "2008.12.27"]

1. d4 Nf6 2. c4 e5 3. dxe5 Ne4 4. a3 a5 5. Nd2 Nc5 6. Ngf3 Qe7 7. b3 d6 8. Bb2
dxe5 9. e4 Nc6 10. Be2 Bg4 11. Qc2 Rd8 12. Rd1 f6 13. O-O Qe6 14. Nb1 Bd6 15.
Nc3 Bxf3 16. Bxf3 Nd4 17. Rxd4 exd4 18. Nb5 Be5 19. Bh5+ g6 20. f4 gxh5 21.
fxe5 Qxe5 22. Rf5 Qxe4 23. Qxe4+ Nxe4 24. Nxc7+ Kd7 25. Nd5 Ke6 26. Rxh5 d3 27.
Rh3 d2 28. Rd3 Rhf8 29. Kf1 f5 30. Ke2 Rfe8 31. Re3 Kf7 32. Kd1 Nf2+ 33. Kxd2
Rxe3 34. Kxe3 Nd1+ 35. Kd2 Nxb2 36. Kc2 Nxc4 37. bxc4 b5 38. Kc3 Rc8 39. Nb6
Rc6 40. Nd7 Rxc4+ 41. Kd3 Ra4 0-1

[Event "XIX Festival B"]
[Site "Robecchetto con Induno ITA"]
[Date "2008.12.30"]
[Round "6"]
[White "Puricelli, Giancarlo"]
[Black "Rossini, Luca"]
[Result "1/2-1/2"]
[WhiteElo "1607"]
[BlackElo "1778"]
[PlyCount "25"]
[EventDate "2008.12.27"]

1. d4 Nf6 2. e3 e6 3. Nf3 d5 4. Nbd2 Nbd7 5. c3 Be7 6. Bd3 O-O 7. O-O b6 8. e4
dxe4 9. Nxe4 Bb7 10. Nxf6+ Nxf6 11. Rb1 h6 12. Ne5 c5 13. Ng4 1/2-1/2

[Event "XIX Festival B"]
[Site "Robecchetto con Induno ITA"]
[Date "2008.12.30"]
[Round "6"]
[White "Ragoso, Mario"]
[Black "Santarelli, Sabatino"]
[Result "0-1"]
[WhiteElo "1845"]
[BlackElo "1692"]
[PlyCount "64"]
[EventDate "2008.12.27"]

1. d4 Nf6 2. c4 d6 3. Nc3 g6 4. e4 Bg7 5. Nf3 O-O 6. Be2 c5 7. d5 a6 8. a4 e5
9. Nd2 Ne8 10. h4 f5 11. h5 fxe4 12. Ndxe4 Bf5 13. Bg5 Nf6 14. hxg6 Bxg6 15.
Bg4 Qc7 16. Be6+ Kh8 17. Nxf6 Bxf6 18. Qf3 Qe7 19. Bh6 Bg7 20. Qg3 Nd7 21.
O-O-O Nf6 22. Bg5 Qe8 23. Qh4 b5 24. axb5 axb5 25. Nxb5 Qd8 26. f4 exf4 27.
Bxf4 Ra1+ 28. Kd2 Ne4+ 29. Ke3 Qxh4 30. Rxh4 Rxd1 31. Nxd6 Re1+ 32. Kf3 Nxd6
0-1